000 004390000a22001330004500
090 _aAS
_bSeriadas
245 1 0 _aDiversidad de insectos herbívoros en interior y borde de bosque en la Reserva Forestal de Eccalerete
041 0 _aEspañol
700 1 _aMedina, Claudia Alejandra
_992886
700 1 _aKattan, Gustavo H.
_94374
100 1 _aMontealegre, Fernando
_97332
942 _cARTICULO
773 1 _tCespedesia
_3124
_h68
_q29-40
_d1996
_g21
999 _c15046
_d15046